|
|
|
|
| LEADER |
00000nam a2200000 a 4500 |
| 001 |
vtls001337413 |
| 003 |
SK-MaSNL |
| 005 |
20260223215249.0 |
| 008 |
180126sm y0 xo 0 und |
| 035 |
|
|
|a SNK000290414
|
| 040 |
|
|
|a SNK
|b slo
|c SNK
|e AACR2
|
| 044 |
|
|
|a xo
|c SK
|
| 245 |
1 |
|
|a STN EN 60927 Príslušenstvo svetelných zdrojov
|b Zapaľovacie zariadenia (iné ako tlejivkové požiadavky). Prevádzkové požiadavky
|
| 260 |
|
|
|a Bratislava
|b Slovenský ústav technickej normalizácie
|c 1998
|
| 300 |
|
|
|a 28 s.
|
| 999 |
|
|
|c 718683
|d 720613
|
| 952 |
|
|
|t P60, <03>, [BOOK], {603}
|a SNK
|b SNK
|y PREZ
|7 0
|p 17A0147597
|o snkSTN EN 60927
|i snkN 725/98
|0 0
|1 0
|4 0
|d 1998-07-16
|l 0
|r 2005-01-02 00:00:00
|w 2026-02-23
|
| 952 |
|
|
|a SNK
|b SNK
|y PREZ
|7 0
|p 17A0147598
|o snkSTN EN 60927 D1
|i snkN 726/98
|0 0
|1 0
|4 0
|d 1998-07-16
|l 0
|r 2005-01-02 00:00:00
|w 2026-02-23
|
| 952 |
|
|
|t P60, <03>, [BOOK], {603}
|a SNK
|b SNK
|y PREZ
|7 0
|p 17A0361817
|o snkSTN EN 60927/A1
|i snkN 2217/2002
|0 0
|1 0
|4 0
|d 2002-11-06
|l 0
|r 2005-01-02 00:00:00
|w 2026-02-23
|
| 952 |
|
|
|t P66, <07>, [BOOK], {604}
|a SNK
|b SNK
|y PREZ
|7 0
|p 17A0361928
|o snkSTN EN 60927/A1 D1
|i snkN 2218/2002
|0 0
|1 0
|4 0
|d 2002-11-06
|l 0
|r 2005-01-02 00:00:00
|w 2026-02-23
|